[Event "World Senior Teams +50"]
[Site "Radebeul GER"]
[Date "2016.07.03"]
[Round "8.21"]
[Board "1"]
[White "Kracht, Helmut"]
[Black "Bauer, Burkhard"]
[Result "1/2-1/2"]
[WhiteElo "2022"]
[BlackElo "2056"]
[WhiteTeam "SK Kaltenkirchen"]
[BlackTeam "SV Aufbau Bernburg"]
[WhiteFideId "4690567"]
[BlackFideId "24664553"]
[EventDate "2016.06.26"]

1. e4 c5 2. Nc3 e6 3. f4 Nc6 4. Nf3 d6 5. g3 Nf6 6. Bg2 Be7 7. O-O O-O 8. d3 Rb8
9. e5 Ne8 10. exd6 Nxd6 11. Ne4 b6 12. Nfg5 Nb4 13. Qe2 h6 14. Nf3 Bb7 15. a3
Nd5 16. Ne5 Qc8 17. Bd2 Nf6 18. Nxd6 Bxd6 19. Rad1 1/2-1/2

[Event "World Senior Teams +50"]
[Site "Radebeul GER"]
[Date "2016.07.03"]
[Round "8.21"]
[Board "2"]
[White "Schmidt, Joerg"]
[Black "Schiller, Dirk"]
[Result "1-0"]
[WhiteElo "2112"]
[BlackElo "1776"]
[WhiteTeam "SV Aufbau Bernburg"]
[BlackTeam "SK Kaltenkirchen"]
[WhiteFideId "4641698"]
[BlackFideId "1270380"]
[EventDate "2016.06.26"]

1. f4 d5 2. b3 e6 3. Bb2 Nf6 4. Nf3 Bd6 5. e3 c5 6. Bb5+ Bd7 7. Bxd7+ Nbxd7 8.
O-O O-O 9. Qe1 h6 10. d3 Nh7 11. Nbd2 f6 12. g3 Qc7 13. e4 d4 14. e5 fxe5 15.
Nc4 Rae8 16. fxe5 Be7 17. a4 Ng5 18. Nxg5 Bxg5 19. Qe4 Be7 20. c3 dxc3 21. Bxc3
Nb8 22. Qg6 Qd7 23. Rad1 Nc6 24. Ne3 Bg5 25. Ng4 Rxf1+ 26. Rxf1 Nd4 27. h4 Bd8
28. Rf7 Ne2+ 29. Kh2 1-0

[Event "World Senior Teams +50"]
[Site "Radebeul GER"]
[Date "2016.07.03"]
[Round "8.21"]
[Board "3"]
[White "Nowack, Achim"]
[Black "Wagner, Bernd2"]
[Result "1-0"]
[WhiteElo "1790"]
[BlackElo "1935"]
[WhiteTeam "SK Kaltenkirchen"]
[BlackTeam "SV Aufbau Bernburg"]
[WhiteFideId "24659185"]
[BlackFideId "24601721"]
[EventDate "2016.06.26"]

1. e4 e6 2. d4 d5 3. Nc3 dxe4 4. Nxe4 Nf6 5. Nxf6+ Qxf6 6. Nf3 h6 7. Bd3 Nd7 8.
O-O c5 9. Be3 a6 10. Re1 Qd8 11. d5 Nf6 12. c4 Bd6 13. b4 Qc7 14. bxc5 Bxc5 15.
Bxc5 Qxc5 16. dxe6 Bxe6 17. Re5 Qa3 18. Rxe6+ fxe6 19. Bg6+ Ke7 20. Qe2 Qc5 21.
Re1 Kd6 22. Qxe6+ Kc7 23. Qf7+ Kb6 24. Rb1+ Ka5 25. Nd2 Qe5 26. c5 Qc3 27. Nc4+
Ka4 28. Nb6+ Ka5 29. Qc7 Rac8 30. Nxc8+ 1-0

[Event "World Senior Teams +50"]
[Site "Radebeul GER"]
[Date "2016.07.03"]
[Round "8.22"]
[Board "1"]
[White "Schultheis, Heinz"]
[Black "Becker, Marco"]
[Result "0-1"]
[WhiteElo "2114"]
[BlackElo "1987"]
[WhiteTeam "Schachfreunde Zeitz"]
[BlackTeam "SV Horst-Emscher"]
[WhiteFideId "16212037"]
[BlackFideId "24601993"]
[EventDate "2016.06.26"]

1. d4 Nf6 2. c4 c5 3. d5 Ne4 4. f3 Qa5+ 5. Nd2 Nd6 6. e4 g6 7. Bd3 Bg7 8. Ne2 b5
9. O-O bxc4 10. Nxc4 Nxc4 11. Bxc4 Ba6 12. Bd2 Qb6 13. Bxa6 Qxa6 14. Bc3 O-O 15.
e5 d6 16. exd6 exd6 17. Bxg7 Kxg7 18. Nc3 Nd7 19. Qd2 Rfe8 20. Rfe1 Ne5 21. Ne4
Qd3 22. Rad1 Qxd2 23. Nxd2 f5 24. f4 Nd3 25. Rxe8 Rxe8 26. Nc4 Nxf4 27. Nxd6 Re2
28. Nc4 Rxg2+ 29. Kh1 Rc2 30. b3 Re2 31. d6 Ne6 32. Rd5 Kf6 33. Kg1 Nd8 34. Rxc5
Rxa2 35. Rc8 Ne6 36. Rc7 h5 37. Rb7 f4 0-1

[Event "World Senior Teams +50"]
[Site "Radebeul GER"]
[Date "2016.07.03"]
[Round "8.22"]
[Board "3"]
[White "Wilke, Frank"]
[Black "Tobczewski, Peter"]
[Result "1-0"]
[WhiteElo "1920"]
[BlackElo "2012"]
[WhiteTeam "Schachfreunde Zeitz"]
[BlackTeam "SV Horst-Emscher"]
[WhiteFideId "16219210"]
[BlackFideId "4668200"]
[EventDate "2016.06.26"]

1. d4 d5 2. c4 Nc6 3. e3 Nf6 4. Nc3 g6 5. Bd3 dxc4 6. Bxc4 Bg7 7. Nge2 O-O 8.
O-O e6 9. a3 Nd5 10. Qc2 b6 11. Bd2 Nxc3 12. Bxc3 Bb7 13. Rad1 Qg5 14. Ng3 Rfd8
15. f4 Qh4 16. Be1 Qe7 17. b4 Qe8 18. Bc3 a5 19. b5 Ne7 20. e4 Rac8 21. Qb3 c5
22. bxc6 Rxc6 23. Bb2 Rcd6 24. f5 exf5 25. exf5 Qc6 26. Rf2 Rxd4 27. Rxd4 Bxd4
28. Bxd4 Rxd4 29. Bxf7+ Kf8 30. fxg6 Rf4 31. Qb2 Nxg6 32. Bxg6 Qc5 33. Bxh7 Bxg2
34. Kxg2 Qd5+ 35. Be4 1-0

[Event "World Senior Teams +50"]
[Site "Radebeul GER"]
[Date "2016.07.03"]
[Round "8.22"]
[Board "4"]
[White "Kotter, Michael"]
[Black "Just, Fred"]
[Result "1/2-1/2"]
[WhiteElo "2061"]
[BlackElo "2152"]
[WhiteTeam "SV Horst-Emscher"]
[BlackTeam "Schachfreunde Zeitz"]
[WhiteFideId "4672267"]
[BlackFideId "4643097"]
[EventDate "2016.06.26"]

1. Nc3 d5 2. e4 dxe4 3. Nxe4 Nd7 4. d4 Ngf6 5. Ng3 e6 6. Nf3 Be7 7. Bd3 O-O 8.
O-O c5 9. Re1 Re8 10. b3 cxd4 11. Nxd4 Bb4 12. Bd2 Bc5 13. Nf3 Qc7 14. Ng5 Nf8
15. Nh5 Be7 16. Bf4 Qa5 17. Bd2 Qc5 18. Nxf6+ Bxf6 19. Ne4 Qe7 20. Nxf6+ Qxf6
21. Qh5 Ng6 22. Bg5 Qc3 23. Rad1 Bd7 24. Re3 Bc6 25. Rh3 h6 26. Bxg6 fxg6 27.
Qxg6 hxg5 28. Rxc3 1/2-1/2

[Event "World Senior Teams +50"]
[Site "Radebeul GER"]
[Date "2016.07.03"]
[Round "8.23"]
[Board "1"]
[White "Weichelt, Jens"]
[Black "Nauber, Walter"]
[Result "1-0"]
[WhiteElo "2073"]
[BlackElo "1941"]
[WhiteTeam "Schachklub Heidenau"]
[BlackTeam "Blue Wonder"]
[WhiteFideId "4637771"]
[BlackFideId "16212045"]
[EventDate "2016.06.26"]

1. Nf3 Nf6 2. g3 g6 3. d4 Bg7 4. Bg2 O-O 5. O-O d5 6. c4 c6 7. Nbd2 Nbd7 8. b3
Re8 9. Bb2 Ng4 10. Rc1 f5 11. cxd5 cxd5 12. Ne1 Ndf6 13. Nd3 Ne4 14. h3 Ngf6 15.
Nf3 Nd7 16. Qc2 Qb6 17. Qc7 Qa6 18. a4 Bh6 19. Rc2 g5 20. Bc1 Qf6 21. Nde5 Nf8
22. Qa5 e6 23. Ba3 Ng6 24. Rc7 Qd8 25. Nf7 Qxc7 26. Nxh6+ Kg7 27. Qxc7+ Kxh6 28.
h4 gxh4 29. Bc1+ f4 30. Bxf4+ Nxf4 31. Qxf4+ Kg7 32. Ne5 Nf6 1-0

[Event "World Senior Teams +50"]
[Site "Radebeul GER"]
[Date "2016.07.03"]
[Round "8.23"]
[Board "2"]
[White "Keeve, Martin"]
[Black "Fahland, Matthias"]
[Result "1-0"]
[WhiteElo "1893"]
[BlackElo "2105"]
[WhiteTeam "Blue Wonder"]
[BlackTeam "Schachklub Heidenau"]
[WhiteFideId "12903205"]
[BlackFideId "4698380"]
[EventDate "2016.06.26"]

1. d4 Nf6 2. c4 c5 3. e3 g6 4. Nc3 Bg7 5. Nf3 O-O 6. Be2 b6 7. O-O Bb7 8. Qc2 e6
9. Rd1 Qe7 10. b3 d5 11. Bb2 Nbd7 12. Rac1 Rac8 13. cxd5 exd5 14. Qd2 Ne4 15.
Qe1 Ndf6 16. h3 Rfd8 17. Nxe4 Nxe4 18. Nd2 cxd4 19. Nxe4 Rxc1 20. Bxc1 dxe4 21.
exd4 Bxd4 22. Bh6 Qh4 23. Bc1 Qf6 24. Bh6 Qh4 25. Bc1 h5 26. Kf1 Qf6 27. Kg1 Kh7
28. Bd2 Rc8 29. Bc4 Re8 30. Be3 Bc3 31. Qe2 Kg7 32. Rd7 Re7 33. Rd8 Bc6 34. Bc1
Qf5 35. Qe3 Qe5 36. Qh6+ Kf6 37. g4 hxg4 38. hxg4 Rd7 39. Qh8+ Ke7 40. Qf8+ Kf6
41. Rxd7 1-0

[Event "World Senior Teams +50"]
[Site "Radebeul GER"]
[Date "2016.07.03"]
[Round "8.23"]
[Board "3"]
[White "Wurmb, Peter"]
[Black "Reinhardt, Joachim"]
[Result "1-0"]
[WhiteElo "1993"]
[BlackElo "1876"]
[WhiteTeam "Schachklub Heidenau"]
[BlackTeam "Blue Wonder"]
[WhiteFideId "16203305"]
[BlackFideId "12925659"]
[EventDate "2016.06.26"]

1. d4 d6 2. Nf3 Nf6 3. c4 g6 4. Nc3 Bg7 5. e4 Nbd7 6. Be2 O-O 7. O-O e5 8. h3 c6
9. Be3 Re8 10. d5 Nc5 11. Qc2 a5 12. a3 a4 13. Bxc5 dxc5 14. Nxa4 Nxe4 15. dxc6
bxc6 16. Bd3 f5 17. Bxe4 fxe4 18. Nh2 Qg5 19. Kh1 Bf5 20. g4 Bc8 21. Nxc5 e3 22.
Qe4 e2 23. Rfe1 Rf8 24. Rxe2 Ra7 25. Qxc6 Re7 26. f3 h5 27. Rg1 Kh7 28. Ne4 Qh4
29. gxh5 Qxh5 30. Reg2 Bf5 31. Rg3 Rc8 32. Nf6+ Bxf6 33. Qxf6 Rce8 34. Qg5 Qxg5
35. Rxg5 e4 36. Ng4 exf3 37. Nf6+ Kh6 38. Nxe8 f2 39. Nd6 fxg1=Q+ 40. Rxg1 Bxh3
41. Kh2 Bd7 42. Rg2 Bc6 43. Rd2 Kg5 44. Kg3 Re3+ 45. Kf2 Kf4 46. Rd4+ Be4 47.
Rxe4+ Rxe4 48. Nxe4 Kxe4 1-0

[Event "World Senior Teams +50"]
[Site "Radebeul GER"]
[Date "2016.07.03"]
[Round "8.24"]
[Board "1"]
[White "Rewitz, Poul"]
[Black "Nachtkamp, Herbert"]
[Result "1-0"]
[WhiteTitle "FM"]
[WhiteElo "2202"]
[BlackElo "2091"]
[WhiteTeam "SK 1968"]
[BlackTeam "SK Norderstedt von 1975 e.V."]
[WhiteFideId "1401033"]
[BlackFideId "4642660"]
[EventDate "2016.06.26"]

1. g3 e5 2. c3 d5 3. d4 exd4 4. cxd4 Nf6 5. Bg2 Be7 6. Nc3 O-O 7. Nf3 c6 8. O-O
Bf5 9. a3 Nbd7 10. b4 a6 11. Bb2 Ne4 12. Nxe4 Bxe4 13. Qb3 Nb6 14. Nd2 Bxg2 15.
Kxg2 Qd7 16. a4 Rfe8 17. Rfb1 h5 18. h4 Bd6 19. e3 Qg4 20. Re1 g5 21. a5 Nd7 22.
hxg5 h4 23. Qd1 Qxd1 24. Rexd1 hxg3 25. Bc3 gxf2 26. Kxf2 Kg7 27. Rh1 Rh8 28.
Kf3 Kg6 29. e4 Be7 30. Nb3 dxe4+ 31. Kxe4 Bxg5 32. Nc5 Nxc5+ 33. bxc5 Rae8+ 34.
Kd3 Rxh1 35. Rxh1 f5 36. Rb1 Re7 37. Rb6 Rd7 38. Kc4 f4 39. d5 Rxd5 40. Rxb7 f3
41. Bd4 Bf6 42. Be3 Kf5 43. Rf7 Ke4 44. Bf2 Bd8 45. Ra7 Bxa5 46. Rxa6 Rd2 47.
Bg1 Rd1 48. Bf2 Rc1+ 49. Kb3 Rf1 50. Bh4 Rh1 51. Rxa5 Kd3 52. Ra4 Rb1+ 53. Ka2
Rb5 54. Rf4 Rxc5 55. Rxf3+ Ke4 56. Ra3 Kd5 57. Kb2 Rc4 58. Be1 Rg4 59. Rd3+ Rd4
60. Rh3 Rg4 61. Kb3 Re4 62. Bc3 Rg4 63. Rh5+ Ke6 64. Bb4 Rg1 65. Kc3 Rg4 66.
Rh6+ Kd5 67. Rd6+ Ke5 68. Rd3 Re4 69. Bc5 Rg4 70. Bd4+ Kd6 71. Rh3 c5 72. Rh6+
Kd5 73. Rh5+ Kd6 74. Bxc5+ Ke6 75. Bd4 Rg8 76. Kc4 Rc8+ 77. Bc5 Rg8 78. Rh6+ Ke5
79. Bd6+ Ke4 80. Re6+ Kf5 81. Re5+ Kf6 82. Kd5 Ra8 83. Re2 Ra5+ 84. Bc5 Kf5 85.
Rf2+ Kg4 86. Kd4 Kg3 87. Rf8 Kg4 88. Bd6 Ra4+ 89. Ke5 Ra5+ 90. Ke6 Ra6 91. Rf4+
Kg5 92. Rf3 Kh5 93. Rd3 Ra5 94. Be5 Kg4 95. Rg3+ Kh4 96. Rg8 Kh3 97. Kf5 Rb5 98.
Rg3+ Kh4 99. Ra3 Rc5 100. Ra2 1-0

[Event "World Senior Teams +50"]
[Site "Radebeul GER"]
[Date "2016.07.03"]
[Round "8.24"]
[Board "2"]
[White "Freter, Anke"]
[Black "Cordes, Steffen"]
[Result "0-1"]
[WhiteElo "1865"]
[BlackElo "1926"]
[WhiteTeam "SK Norderstedt von 1975 e.V."]
[BlackTeam "SK 1968"]
[WhiteFideId "4638727"]
[BlackFideId "1404644"]
[EventDate "2016.06.26"]

1. e4 c5 2. Nf3 g6 3. c3 Bg7 4. d4 cxd4 5. cxd4 d5 6. exd5 Nf6 7. Nc3 O-O 8. Be2
Nbd7 9. d6 exd6 10. O-O Nb6 11. h3 Be6 12. Bg5 Nbd5 13. Qa4 Qb6 14. Qa3 a6 15.
Rfc1 Rfe8 16. Rc2 Bf5 17. Rd2 Rac8 18. Kh2 Qc6 19. Nh4 Nxc3 20. bxc3 Ne4 21.
Nxf5 gxf5 22. Bf3 Qxc3 23. Qxc3 Rxc3 24. Re2 Bxd4 25. Bh6 Be5+ 26. Kg1 Re6 27.
Be3 Rxe3 0-1

[Event "World Senior Teams +50"]
[Site "Radebeul GER"]
[Date "2016.07.03"]
[Round "8.24"]
[Board "3"]
[White "Boye, Niels Mollmann"]
[Black "Schaefer, Ruediger"]
[Result "1-0"]
[WhiteElo "1862"]
[BlackElo "1784"]
[WhiteTeam "SK 1968"]
[BlackTeam "SK Norderstedt von 1975 e.V."]
[WhiteFideId "1413147"]
[BlackFideId "1271080"]
[EventDate "2016.06.26"]

1. d4 d5 2. c4 e6 3. Nc3 Nf6 4. Bf4 Be7 5. e3 O-O 6. Nf3 c5 7. dxc5 Bxc5 8. Be2
Nc6 9. O-O a6 10. cxd5 exd5 11. Qb3 Na5 12. Qc2 Be7 13. Rfd1 Nc6 14. a3 Be6 15.
b4 Rc8 16. Rac1 Qb6 17. Qb1 Rfd8 18. Na4 Qa7 19. Nc5 Nd7 20. Ng5 Bxg5 21. Bxg5
Nf6 22. Bxf6 gxf6 23. Bd3 h6 24. Bf5 Bxf5 25. Qxf5 Ne7 26. Qxf6 b6 27. Nd3 Ng6
28. Rc6 Rxc6 29. Qxd8+ Kg7 30. Qxd5 Qc7 31. g3 Rd6 32. Qb3 Qd7 33. Nb2 Ne5 34.
Rxd6 Qxd6 35. Qd1 Qc6 36. h4 f6 37. f4 Ng6 38. Qd4 Ne7 39. e4 Qc1+ 40. Kg2 Qc6
41. Qc4 Qb7 42. Kh3 Qd7+ 43. f5 Nxf5 44. exf5 1-0

[Event "World Senior Teams +50"]
[Site "Radebeul GER"]
[Date "2016.07.03"]
[Round "8.24"]
[Board "4"]
[White "Bordasch, Christian"]
[Black "David, Anton"]
[Result "0-1"]
[WhiteElo "1830"]
[BlackElo "1772"]
[WhiteTeam "SK Norderstedt von 1975 e.V."]
[BlackTeam "SK 1968"]
[WhiteFideId "12977730"]
[BlackFideId "1402072"]
[EventDate "2016.06.26"]

1. d4 d5 2. c4 e6 3. Nc3 Nf6 4. Nf3 Be7 5. Bg5 h6 6. Bh4 O-O 7. e3 b6 8. Rc1 Bb7
9. Bxf6 Bxf6 10. cxd5 exd5 11. Bd3 Nd7 12. O-O c5 13. Bb1 Re8 14. Qd3 Nf8 15.
Rfd1 cxd4 16. Nxd4 a6 17. Nde2 b5 18. Rd2 Rc8 19. Rcd1 Be5 20. Nd4 Qc7 21. Nce2
Bxh2+ 22. Kh1 Be5 23. Nf3 Bf6 24. Rc1 Qd7 25. Rcd1 Qg4 26. Ned4 g6 27. Kg1 Kg7
28. a3 Rc7 29. Ba2 Qe4 30. Qf1 Rec8 31. Bb1 Qg4 32. Nh2 Qd7 33. Nhf3 Re8 34. Ne2
Qg4 35. Ned4 h5 36. Nh2 Qd7 37. Nhf3 Qe7 38. Ba2 Nd7 39. b4 Nb6 40. Bb1 Nc4 41.
Ra2 Nd6 42. Rc1 Rec8 43. Rxc7 Rxc7 44. Nb3 Ne4 45. Rc2 Rxc2 46. Bxc2 Bb2 47. Qb1
Bf6 48. Bxe4 dxe4 49. Nfd4 Be5 50. Ne2 f5 51. Nc5 h4 52. Nxb7 Qxb7 53. Nd4 Qd5
54. Qb2 Kf6 55. Qc3 Bxd4 56. exd4 Qc4 57. d5+ 0-1

[Event "World Senior Teams +50"]
[Site "Radebeul GER"]
[Date "2016.07.03"]
[Round "8.25"]
[Board "1"]
[White "Rorvik, Jon F."]
[Black "Bayarmaa, Gendenjamc"]
[Result "1-0"]
[WhiteElo "2145"]
[BlackElo "1929"]
[WhiteTeam "Norway Mix"]
[BlackTeam "Mongolia Women"]
[WhiteFideId "1501852"]
[BlackFideId "4900189"]
[EventDate "2016.06.26"]

1. c4 e6 2. g3 d5 3. Bg2 f5 4. Nf3 Nf6 5. O-O Be7 6. b3 O-O 7. Bb2 c6 8. d3 Na6
9. Nbd2 Qe8 10. Ne5 Qh5 11. e3 Qxd1 12. Rfxd1 Rd8 13. Ndf3 h6 14. Rac1 Bd6 15.
Bc3 Kf8 16. Rb1 Bd7 17. Nxd7+ Rxd7 18. d4 Ne4 19. Be1 Bb4 20. Ne5 Rc7 21. Rb2
Ba3 22. Re2 Rd8 23. f3 Nf6 24. c5 b6 25. Nd3 Rb8 26. cxb6 axb6 27. g4 Bd6 28. h3
g6 29. e4 dxe4 30. fxe4 fxe4 31. Bxe4 Kf7 32. Bg2 c5 33. Ne5+ Kg7 34. Nc4 Bf4
35. Rxe6 Rd7 36. d5 Re8 37. Rxb6 Nc7 38. Bc3 Rf8 39. a4 Ne8 40. a5 Rff7 41. Ne5
Bxe5 42. Bxe5 Rfe7 43. Ba1 Rd6 44. Rxd6 Nxd6 45. Rf1 1-0

[Event "World Senior Teams +50"]
[Site "Radebeul GER"]
[Date "2016.07.03"]
[Round "8.25"]
[Board "2"]
[White "Battsengel, Shirchin"]
[Black "Ilyes, Peter"]
[Result "0-1"]
[WhiteTitle "WFM"]
[WhiteElo "1956"]
[BlackElo "1810"]
[WhiteTeam "Mongolia Women"]
[BlackTeam "Norway Mix"]
[WhiteFideId "4900391"]
[BlackFideId "1524305"]
[EventDate "2016.06.26"]

1. d4 Nf6 2. c4 g6 3. Nc3 d6 4. e4 Bg7 5. f4 O-O 6. Nf3 Bg4 7. Be2 Nbd7 8. h3
Bxf3 9. Bxf3 e5 10. fxe5 dxe5 11. d5 Nh5 12. O-O Ng3 13. Re1 f5 14. Be3 fxe4 15.
Nxe4 Nxe4 16. Bxe4 Qh4 17. Qc2 Nf6 18. Bf3 Rae8 19. Bf2 Qf4 20. Rad1 e4 21. Rd4
Rf7 22. Bxe4 Rfe7 23. g3 Qg5 24. Kh2 Nh5 25. Rdd1 Be5 26. Rd3 b6 27. b4 Bd6 28.
Rb3 Nf6 29. c5 Nxe4 30. cxd6 cxd6 31. Rf1 Rf8 32. Kg2 Nd2 33. Be3 Qxd5+ 0-1

[Event "World Senior Teams +50"]
[Site "Radebeul GER"]
[Date "2016.07.03"]
[Round "8.25"]
[Board "3"]
[White "Bjorgvik, Jan Arne"]
[Black "Soyolmaa, Dashdondog"]
[Result "1-0"]
[BlackTitle "WCM"]
[WhiteElo "1803"]
[BlackElo "1923"]
[WhiteTeam "Norway Mix"]
[BlackTeam "Mongolia Women"]
[WhiteFideId "1503766"]
[BlackFideId "4900146"]
[EventDate "2016.06.26"]

1. e4 e5 2. Nf3 Nc6 3. Bc4 Bc5 4. O-O d6 5. h3 Nf6 6. d3 h6 7. Re1 O-O 8. Be3
Bb6 9. Bxb6 axb6 10. Nc3 Na5 11. Bb3 Nxb3 12. axb3 Rxa1 13. Qxa1 Nh5 14. Qd1 Nf4
15. Ne2 Nxe2+ 16. Qxe2 Qf6 17. Ra1 Qg6 18. Kh2 f5 19. Ra8 f4 20. d4 exd4 21.
Nxd4 Kh7 22. Nf5 Re8 23. Rxc8 Rxc8 24. Ne7 Qe6 25. Nxc8 Qxc8 26. Qf3 Qf8 27. g3
fxg3+ 28. Kxg3 Qd8 29. Qf5+ Kh8 30. h4 c6 31. Kg4 Qe8 32. c4 Qg8 33. Qd7 Qf8 34.
f4 Qf6 35. Qc8+ Kh7 36. Qf5+ Kg8 37. Qxf6 gxf6 38. Kf5 Kf7 39. h5 b5 40. cxb5 d5
41. bxc6 bxc6 42. exd5 cxd5 43. Kg4 Ke6 44. b4 Kd6 45. Kf3 Kc6 46. Ke3 1-0

[Event "World Senior Teams +50"]
[Site "Radebeul GER"]
[Date "2016.07.03"]
[Round "8.25"]
[Board "4"]
[White "Serjmyadag, Damdin"]
[Black "Lie, Terje"]
[Result "1-0"]
[WhiteElo "1949"]
[BlackElo "1589"]
[WhiteTeam "Mongolia Women"]
[BlackTeam "Norway Mix"]
[WhiteFideId "4900510"]
[BlackFideId "1504916"]
[EventDate "2016.06.26"]

1. e4 d6 2. d4 Nf6 3. Nc3 g6 4. Be3 c6 5. Be2 b5 6. Bf3 Bb7 7. Nge2 Bg7 8. Qd2
a6 9. Bh6 O-O 10. Bxg7 Kxg7 11. g4 b4 12. Nd1 c5 13. d5 e5 14. h4 h5 15. gxh5
Rh8 16. Ng3 Bc8 17. hxg6 fxg6 18. Qg5 Kf7 19. Ne3 Nh7 20. Qxd8 Rxd8 21. Nc4 a5
22. O-O-O a4 23. Rdg1 a3 24. h5 axb2+ 25. Kxb2 g5 26. h6 Ke7 27. Bh5 Rg8 28. Ne3
Na6 29. Ngf5+ Bxf5 30. Nxf5+ Kd7 31. Ng7 Raf8 32. Bg4+ Ke7 33. f3 c4 34. Bf5 Rh8
35. Bxh7 Rxh7 36. Nf5+ Kf6 37. Rh5 Rg8 38. Nxd6 c3+ 39. Kb3 Rb8 40. Rgxg5 Rxh6
41. Rxh6+ Kxg5 42. Nf7+ Kf4 43. Rxa6 Kxf3 44. Re6 Kxe4 45. Rxe5+ Kf4 46. d6 Rd8
47. Nxd8 Kxe5 48. Nb7 Ke6 49. Kxb4 Kd7 50. Kb5 Kc8 51. Kb6 Kb8 52. d7 1-0

[Event "World Senior Teams +50"]
[Site "Radebeul GER"]
[Date "2016.07.03"]
[Round "8.26"]
[Board "1"]
[White "Hilbig, Dieter"]
[Black "Grabitz, Georg"]
[Result "1/2-1/2"]
[WhiteElo "2014"]
[BlackElo "2031"]
[WhiteTeam "SG Gera/ Meuselwitz"]
[BlackTeam "Stoertebeker"]
[WhiteFideId "24642851"]
[BlackFideId "4694619"]
[EventDate "2016.06.26"]

1. e4 g6 2. Nc3 Bg7 3. f4 c5 4. Nf3 Nc6 5. Bb5 Nd4 6. O-O Nxb5 7. Nxb5 a6 8. Nc3
e6 9. Qe1 Ne7 10. d3 d6 11. Kh1 b6 12. Ng5 h6 13. Nf3 O-O 14. Nd1 f5 15. c3 Ra7
16. d4 Nc6 17. e5 cxd4 18. cxd4 dxe5 19. dxe5 Rd7 20. Be3 Ne7 21. Nc3 Bb7 22.
Qf2 Nc8 23. Na4 Bxf3 24. Qxf3 Rff7 25. Qf2 Bf8 26. Nxb6 Nxb6 27. Bxb6 Qb8 28.
Rfd1 Qb7 29. Bd4 Rd8 30. Rd2 Rfd7 31. Rad1 Bb4 32. Bc3 Bxc3 33. Rxd7 Rxd7 34.
Rxd7 Qxd7 35. bxc3 Qd1+ 36. Qg1 Qd2 1/2-1/2

[Event "World Senior Teams +50"]
[Site "Radebeul GER"]
[Date "2016.07.03"]
[Round "8.26"]
[Board "2"]
[White "Gerhardt, Peter-Michael"]
[Black "Kohl, Torsten"]
[Result "1/2-1/2"]
[WhiteElo "2026"]
[BlackElo "1796"]
[WhiteTeam "Stoertebeker"]
[BlackTeam "SG Gera/ Meuselwitz"]
[WhiteFideId "4638379"]
[BlackFideId "24638870"]
[EventDate "2016.06.26"]

1. d4 d5 2. c4 c6 3. Nc3 Nf6 4. Nf3 e6 5. Bg5 Nbd7 6. e3 Bd6 7. Qc2 h6 8. Bh4 b6
9. cxd5 cxd5 10. Be2 a6 11. O-O Bb7 12. Rac1 Rc8 13. Qb1 O-O 14. Bg3 Bxg3 15.
hxg3 Rc7 16. a3 Qb8 17. Nd2 Rfc8 18. f4 Ne8 19. f5 e5 20. dxe5 Nxe5 21. Rf4 Nc4
22. Nxc4 dxc4 23. Bf3 b5 24. e4 Qa7+ 25. Kh2 Rd8 26. e5 Rd2 27. Ne4 Bxe4 28.
Bxe4 Re7 29. f6 Rxe5 30. Bh7+ Kf8 1/2-1/2

[Event "World Senior Teams +50"]
[Site "Radebeul GER"]
[Date "2016.07.03"]
[Round "8.26"]
[Board "3"]
[White "Hilbert, Stephan-Joerg"]
[Black "Kuehn, Peter2"]
[Result "1/2-1/2"]
[WhiteElo "1839"]
[BlackElo "1961"]
[WhiteTeam "SG Gera/ Meuselwitz"]
[BlackTeam "Stoertebeker"]
[WhiteFideId "12904244"]
[BlackFideId "4661486"]
[EventDate "2016.06.26"]

1. e4 c5 2. b4 cxb4 3. a3 b3 4. cxb3 d5 5. e5 Nc6 6. Nf3 Bg4 7. Bb5 Qc7 8. O-O
Bxf3 9. Qxf3 Qxe5 10. d4 Qxd4 11. Be3 Qe4 12. Qg3 Rc8 13. Nc3 Qg6 14. Qh3 Qe6
15. Qf3 a6 16. Ba4 Nf6 17. Bb6 d4 18. Rfe1 Qg4 19. Qxg4 Nxg4 20. Nd5 e6 21. Nb4
Bxb4 22. axb4 O-O 23. Bxc6 Rxc6 24. Bxd4 Rfc8 25. h3 Nf6 26. b5 axb5 27. Ra5 Rc1
28. Kf1 Rxe1+ 29. Kxe1 h6 30. Rxb5 Rc7 31. f3 Nd5 32. Kd2 Kh7 33. g3 Kg6 34. Kd3
Ne7 35. g4 Rd7 36. Ke4 Nc6 37. Bc3 Ne7 38. h4 f5+ 39. Ke5 Kf7 40. h5 fxg4 41.
fxg4 Rd5+ 42. Rxd5 Nxd5 43. Bd2 Nf6 44. Kf4 g6 45. hxg6+ Kxg6 46. Ke5 Nxg4+ 47.
Kxe6 h5 48. Kd6 h4 49. Be1 h3 50. Bg3 Nf6 1/2-1/2

[Event "World Senior Teams +50"]
[Site "Radebeul GER"]
[Date "2016.07.03"]
[Round "8.27"]
[Board "1"]
[White "Van Bentum, Horst"]
[Black "Hartig, Uwe"]
[Result "1/2-1/2"]
[WhiteElo "2071"]
[BlackElo "2001"]
[WhiteTeam "Schachfreunde MV"]
[BlackTeam "SV Bannewitz"]
[WhiteFideId "4671961"]
[BlackFideId "24668222"]
[EventDate "2016.06.26"]

1. e4 d5 2. exd5 Qxd5 3. Nc3 Qa5 4. d4 Nf6 5. Nf3 Bg4 6. h3 Bh5 7. g4 Bg6 8. Ne5
Nbd7 9. Nc4 Qa6 10. Bf4 Qe6+ 11. Ne3 Qb6 12. Nc4 Qe6+ 1/2-1/2

[Event "World Senior Teams +50"]
[Site "Radebeul GER"]
[Date "2016.07.03"]
[Round "8.27"]
[Board "3"]
[White "Mueggenburg, Rolf"]
[Black "Koehn, Walter"]
[Result "1/2-1/2"]
[WhiteElo "1755"]
[BlackElo "1785"]
[WhiteTeam "Schachfreunde MV"]
[BlackTeam "SV Bannewitz"]
[WhiteFideId "4670965"]
[BlackFideId "12975222"]
[EventDate "2016.06.26"]

1. d4 Nf6 2. Nf3 e6 3. g3 b6 4. Bg2 Bb7 5. O-O c5 6. c4 cxd4 7. Nxd4 Bxg2 8.
Kxg2 Nc6 9. Nc3 Nxd4 10. Qxd4 Bc5 11. Qd3 O-O 12. Bg5 h6 13. Be3 Bxe3 14. Qxe3
Qc7 15. b3 Rfd8 16. Rac1 1/2-1/2

[Event "World Senior Teams +50"]
[Site "Radebeul GER"]
[Date "2016.07.03"]
[Round "8.28"]
[Board "2"]
[White "Grosselohmann, Gerhard"]
[Black "Schmidt, Hans-Gerd"]
[Result "1-0"]
[WhiteElo "2004"]
[BlackElo "1935"]
[WhiteTeam "Deutsche Schach-Loewen"]
[BlackTeam "TuS Coswig 1920"]
[WhiteFideId "4645219"]
[BlackFideId "4657918"]
[EventDate "2016.06.26"]

1. d4 Nf6 2. c4 g6 3. Nc3 Bg7 4. e4 d6 5. f3 O-O 6. Bg5 h6 7. Be3 a6 8. Qd2 Kh7
9. Nge2 Nbd7 10. Nc1 e5 11. d5 Ng8 12. Bd3 Ne7 13. N1e2 b6 14. Bc2 Nc5 15. b4
Nb7 16. Rb1 f5 17. exf5 Nxf5 18. Bf2 Qf6 19. Ne4 Qf7 20. O-O Bd7 21. Qd3 a5 22.
a3 axb4 23. axb4 Ra2 24. c5 Ba4 25. Bxa4 Rxa4 26. cxb6 cxb6 27. Bxb6 Rfa8 28.
Rfc1 Ra3 29. Qb5 Nh4 30. Rc7 Nxf3+ 31. gxf3 Qxf3 32. Qd7 Rg8 33. N2g3 Qd3 34.
Rf1 1-0